Statistics for States of the German Empire by Coats of Arms

Click here to take the quiz!

General Stats

  • This quiz has been taken 128 times
  • The average score is 19 of 26

Answer Stats

Answer% Correct
Bavaria
98%
Saxony
95%
Prussia
93%
Hamburg
91%
Saxe-Altenburg
91%
Saxe-Coburg and Gotha
91%
Saxe-Meiningen
91%
Saxe-Weimar-Eisenach
91%
Württemberg
91%
Hesse
90%
Baden
86%
Bremen
86%
Lübeck
78%
Mecklenburg-Schwerin
70%
Mecklenburg-Strelitz
70%
Anhalt
65%
Alsace-Lorraine
62%
Schaumburg-Lippe
62%
Lippe
60%
Oldenburg
59%
Brunswick
49%
Reuß-Gera
49%
Reuß-Greiz
49%
Schwarzburg-Rudolstadt
40%
Schwarzburg-Sonderhausen
40%
Waldeck-Pyrmont
36%

Score Distribution

Percentile by Number Answered

Percent of People with Each Score

Your Score History

You have not taken this quiz